| 000 | 01110nam a22003257a 4500 | ||
|---|---|---|---|
| 003 | CHAP | ||
| 005 | 20220329141250.0 | ||
| 008 | 971010s1974 r 00010 d | ||
| 010 | _a65415 | ||
| 011 | _a66387 | ||
| 035 | _a74498 | ||
| 040 | _cCHAP | ||
| 090 | _aTesis | ||
| 100 | 0 | 0 |
_aMontiel Montoya, Leoncio. _977955 |
| 245 | _aProyecto de una tenería para pieles de ganado caprino y ovino en el Valle del Mezquital, Hidalgo | ||
| 260 |
_aChapingo, Méx. : _bEl autor, _c1974 |
||
| 300 | _a205 h. gráfs. mapa | ||
| 502 | _aTesis (Ing. Agr. Esp. en Industrias Agrícolas) -- ENA. Departamento de Industrias Agrícolas | ||
| 590 |
_aALEPH _b10 _c20130110 _lUCH01 _h1356 |
||
| 590 |
_aBATCH-UPD _b10 _c20130110 _lUCH01 _h0437 |
||
| 590 |
_aCONVERSION _b10 _c20130109 _lUCH01 _h1336 |
||
| 650 | 1 | 4 |
_aCurtido. _930716 |
| 901 | _aBK | ||
| 942 | _cFOLL | ||
| 949 |
_bBC _cTES _d-148167 _eTS1 _i74498 _si |
||
| 949 |
_bBC _cTES _d-148168 _eTS2 _fc.2 _i74498 _si |
||
| 949 |
_bIA _cTESBD _d-100124 _eTS2 _fc.2 _i74498 _si |
||
| 949 |
_bIA _cTESBD _d-100125 _eTS2 _fc.3 _i74498 _si |
||
| 949 |
_bIA _cTESBD _d-7368 _eTS1 _i74498 _si |
||
| 999 |
_c65415 _d65415 |
||